| 000 | 00400nam a22001457a 4500 | ||
|---|---|---|---|
| 020 | _a0750643579 | ||
| 040 | _cNust | ||
| 082 |
_a620.11 _bASH |
||
| 100 |
_aMichael F. Ashby _9122448 |
||
| 245 | _aMaterial section in mechanical design | ||
| 250 | _a2nd edition | ||
| 260 |
_aOxford: _bButterworth Heinemann, _c1999. |
||
| 650 |
_aMaterial section in mechanical design _9127374 |
||
| 942 |
_2ddc _cBK |
||
| 999 |
_c612510 _d612510 |
||